| 000 | 01292nam a2200265Ia 4500 | ||
|---|---|---|---|
| 003 | Ost | ||
| 005 | 20260507075058.0 | ||
| 008 | 260507s9999||||xx |||||||||||||| ||und|| | ||
| 020 | _a3791117599 | ||
| 040 | _cfsecg | ||
| 041 | _aara | ||
| 082 | _a338.5 | ||
| 100 |
_aسعيد، عفاف عبد الجبار _eمؤلف |
||
| 245 | 0 |
_aمقدمة في التحليل الإقتصادي الجزئي / _c عفاف عبد الجبار سعيد |
|
| 250 | _aطبعة 2 | ||
| 260 |
_aعمان: _bدار وائل, _c2001 |
||
| 300 |
_a416 صفحة؛ _bإيضاحات ؛ _c24 سم |
||
| 504 | _aببليوغرافيا ص.413 كشاف المصطلحات ص.401 | ||
| 520 | _aطبيعة علم الاقتصاد،نظرية الطلب،نظرية العرض،نظرية السوق،النظرية الكلاسيكية في سلوك المستهلك،النظرية الحديثة في سلوك المستهلك،نظرية الانتاج،نظرية تكاليف الانتاج،الأسواق وتحديد الأسعار ،أسواق المنافسة غير الكاملة،نظرية التوزيع | ||
| 653 | _aالاسواق | ||
| 653 | _aالاقتصاد الجزئي | ||
| 653 | _aالمستهلك | ||
| 700 |
_aحسين، مجيدعلي _eمؤلف ثانوي |
||
| 942 | _cكتاب | ||
| 999 |
_c42766 _d42766 |
||